=LDR 00000nam 2200000 4500 =001 INLIS000000000005593 =005 20130612093827 =008 ***********************************Ind** =035 ##$$0010-061300000005593 =041 ##$$a Ind =082 ##$$a 128 =090 ##$$a 128, Kri k =100 ##$$a Krisna, Anand =245 ##$$a Kehidupan, Panduan untuk meniti jalan kedalam diri; nand Krisna =260 ##$$a 1997 $b Jakarta =300 ##$$a xi, 174 hlm., 19 cm =650 ##$$a Kehidupan